Christopher Nolan Movies - Sudden Death - Statistics

General Stats
  • This quiz has been taken 522 times
  • The average score is 9 of 11
Answers on the Grid
Answers color-coded by a green-red scale on the quiz's grid according to % correct below.
Inception
The Grand Budapest Hotel
Memento
The Martian
The Big Short
The Dark Knight
Dune
Rocketman
Insomnia
Pulp Fiction
The Wolf of Wallstreet
Oppenheimer
The Prestige
The King
GoodFellas
Batman Begins
Interstellar
Trainspotting
The Dark Knight Rises
Hot Fuzz
Tenet
Casino Royale
Children of Men
The Following
 
Answer Stats
Answer % Correct
Inception
97%
Interstellar
89%
The Dark Knight
87%
Oppenheimer
86%
The Dark Knight Rises
84%
Memento
83%
Tenet
83%
The Prestige
80%
Batman Begins
78%
Insomnia
66%
The Following
57%
No matching quizzes found
Score Distribution
Percent of People with Each Score
Percentile by Number Answered
Your Score History
You have not taken this quiz